<?xml version="1.0" encoding="UTF-8"?>
<record
    xmlns:xsi="http://www.w3.org/2001/XMLSchema-instance"
    xsi:schemaLocation="http://www.loc.gov/MARC21/slim http://www.loc.gov/standards/marcxml/schema/MARC21slim.xsd"
    xmlns="http://www.loc.gov/MARC21/slim">

  <leader>02422nam a22003134i 4500</leader>
  <datafield tag="952" ind1=" " ind2=" ">
    <subfield code="0">0</subfield>
    <subfield code="1">0</subfield>
    <subfield code="2">ddc</subfield>
    <subfield code="4">0</subfield>
    <subfield code="7">0</subfield>
    <subfield code="8">GEN</subfield>
    <subfield code="a">FUSBC</subfield>
    <subfield code="b">FUSBC</subfield>
    <subfield code="d">2018-10-17</subfield>
    <subfield code="l">0</subfield>
    <subfield code="o">G 241 C378c</subfield>
    <subfield code="p">1656</subfield>
    <subfield code="r">2019-12-12 00:00:00</subfield>
    <subfield code="t">Ej. 1</subfield>
    <subfield code="w">2018-10-17</subfield>
    <subfield code="y">BK</subfield>
  </datafield>
  <datafield tag="999" ind1=" " ind2=" ">
    <subfield code="c">64629</subfield>
    <subfield code="d">64629</subfield>
  </datafield>
  <controlfield tag="001">1556401 </controlfield>
  <controlfield tag="003">OCoLC</controlfield>
  <controlfield tag="005">20230331062545.0</controlfield>
  <controlfield tag="008">750818s1949    nyu           000 0 eng c</controlfield>
  <datafield tag="010" ind1=" " ind2=" ">
    <subfield code="a">51010173</subfield>
  </datafield>
  <datafield tag="040" ind1=" " ind2=" ">
    <subfield code="a">BSC</subfield>
    <subfield code="d">OCLCG</subfield>
    <subfield code="d">XBE</subfield>
    <subfield code="d">WY@</subfield>
    <subfield code="d">HNW</subfield>
    <subfield code="d">UtOrBLW</subfield>
    <subfield code="b">spa</subfield>
    <subfield code="c">CO-MdFUSB</subfield>
    <subfield code="e">rda</subfield>
  </datafield>
  <datafield tag="041" ind1=" " ind2=" ">
    <subfield code="a">eng</subfield>
  </datafield>
  <datafield tag="082" ind1=" " ind2=" ">
    <subfield code="2">23</subfield>
    <subfield code="a">241</subfield>
    <subfield code="b">C378</subfield>
  </datafield>
  <datafield tag="100" ind1="1" ind2=" ">
    <subfield code="a">Cave, Sydney,</subfield>
    <subfield code="d">1883-1953.</subfield>
    <subfield code="e">autor</subfield>
  </datafield>
  <datafield tag="245" ind1="1" ind2="4">
    <subfield code="a">The Christian way </subfield>
    <subfield code="b">:  a study of New Testament ethics in relation to present problems</subfield>
    <subfield code="c">/ Sydney Cave</subfield>
  </datafield>
  <datafield tag="250" ind1=" " ind2=" ">
    <subfield code="a">Primera edici&#xF3;n</subfield>
  </datafield>
  <datafield tag="264" ind1=" " ind2="1">
    <subfield code="a">New York :</subfield>
    <subfield code="b">Philosophical Library,</subfield>
    <subfield code="c">&#x2117;1949</subfield>
  </datafield>
  <datafield tag="300" ind1=" " ind2=" ">
    <subfield code="a">280 p&#xE1;ginas ;</subfield>
    <subfield code="c">22 cm</subfield>
  </datafield>
  <datafield tag="336" ind1=" " ind2=" ">
    <subfield code="2">rdacontent</subfield>
    <subfield code="a">texto</subfield>
    <subfield code="b">txt</subfield>
  </datafield>
  <datafield tag="337" ind1=" " ind2=" ">
    <subfield code="2">rdamedia</subfield>
    <subfield code="a">sin mediaci&#xF3;n</subfield>
    <subfield code="b">n</subfield>
  </datafield>
  <datafield tag="338" ind1=" " ind2=" ">
    <subfield code="2">rdacarrier</subfield>
    <subfield code="a">volumen</subfield>
    <subfield code="b">nc</subfield>
  </datafield>
  <datafield tag="504" ind1=" " ind2=" ">
    <subfield code="a">Incluye &#xED;ndice (p&#xE1;gina 277)</subfield>
  </datafield>
  <datafield tag="505" ind1="0" ind2=" ">
    <subfield code="a">El dilema moderno -- Una edad sin normas -- La devaluaci&#xF3;n del hombre -- Un mensaje mutilado -- La &#xE9;tica del Nuevo Testamento -- La misi&#xF3;n de Jes&#xFA;s -- La ense&#xF1;anza de Jes&#xFA;s -- Algunas interpretaciones del Nuevo Testamento -- Los primeros creyentes -- La ense&#xF1;anza de San Pablo. La primera ep&#xED;stola de San Pedro. La ep&#xED;stola a los hebreos. La ep&#xED;stola de Santiago. Los escritos juaninos. M&#xE9;todos y motivos. El m&#xE9;todo y el alcance de la &#xE9;tica cristiana. -- La relaci&#xF3;n de la &#xE9;tica cristiana con otras ense&#xF1;anzas &#xE9;ticas -- La &#xE9;tica cristiana y la "ley de la naturaleza" -- La esfera y funci&#xF3;n de la &#xE9;tica cristiana -- Los motivos y las sanciones de la &#xE9;tica cristiana -- Ley y gracia -- Fe y obras -- El ascetismo evang&#xE9;lico -- La relevancia de lo eterno -- La vida en comunidad -- Los &#xF3;rdenes de creaci&#xF3;n -- La comunidad del matrimonio -- La nueva moralidad -- El ascetismo falso -- El matrimonio como un orden de creaci&#xF3;n -- La paternidad responsable -- El problema del divorcio -- La comunidad de la industria -- La crisis de la industria -- La acusaci&#xF3;n de las iglesias -- La ense&#xF1;anza del Nuevo Testamento -- El "Evangelio social" -- La comunidad del estado -- El enigma del estado -- El Nuevo Testamento y el estado -- Los dos reinos -- La justicia de el estado -- Las cuatro libertades -- Ep&#xED;logo -- La tarea de la iglesia -- La comuni&#xF3;n cristiana -- El "fracaso" de las iglesias -- El Una Sancta -- El ministerio esencial</subfield>
  </datafield>
  <datafield tag="563" ind1=" " ind2=" ">
    <subfield code="a">Tapa dura</subfield>
  </datafield>
  <datafield tag="630" ind1="0" ind2="7">
    <subfield code="a">Biblia.</subfield>
    <subfield code="p">Nuevo Testamento</subfield>
  </datafield>
  <datafield tag="650" ind1=" " ind2="7">
    <subfield code="a">&#xC9;tica cristiana</subfield>
    <subfield code="2"></subfield>
    <subfield code="9">185</subfield>
  </datafield>
  <datafield tag="942" ind1=" " ind2=" ">
    <subfield code="c">BK</subfield>
  </datafield>
</record>
